000 00486nam a2200181 i 4500
001 67505
003 ES-MaACL
005 20230906170104.0
007 t|
008 040601s2003 sp ||||1| spa d
020 _a84-96077-25-X
080 _a821.134.2-31"19"
100 1 _aMaure Pérez, Francisco.
_979231
245 1 0 _aMaldito sida /
_cFrancisco Maure Pérez.
260 _aMadrid :
_bLetra Clara,
_c2003.
300 _a358 p. ;
_c25 cm.
852 _aES-MaACL
_jL-27730
_bR.133477
999 _c67505
_d67505